Соціально-правова держава в Україні: проблеми становлення та модернізації (Запис № 354178)

МАРК-запис
000 -Лідер
fixed length control field 02401nam a22002897a 4500
003 - Ідентифікатор контрольного номера
control field UA-OsUOA
001 - Контрольний номер
control field 68048
007 - Фіксоване поле фізичного опису
fixed length control field ta
008 - Елементи даних фіксованої довжини – загальна інформація
fixed length control field 20100326b un ||||| |||| 00| 0 ukr d
090 ## - Локальний шифр розміщення
Класифікаційний індекс УДК 340.1(477)
Авторський знак (НП) Ш95
040 ## - Джерело каталогізації
Агенція оригінальної каталогізації UA-OsUOA
Мова каталогізації ukr
Агенція, яка здійснювала перезапис UA-OsUOA
Агенція, яка здійснювала модифікацію UA-OsUOA
041 ## - Код мови
Код мови тексту/ звукової доріжки чи окремого заголовка (П) ukr
080 ## - Індекс Універсальної десяткової класифікації
Індекс Універсальної десяткової класифікації (УДК) (НП) 340.1(477)
020 ## - Міжнародний стандартний книжковий номер (ISBN)
Міжнародний стандартний книжковий номер (ISBN) (НП) 966-574-999-4
100 ## - Основне введення – ім’я особи
Ім’я особи (НП) Шульженко Ф. П.
245 ## - Відомості про назву
Назва (НП) Соціально-правова держава в Україні: проблеми становлення та модернізації
Решта назви (НП) Монографія
260 ## - Публікація, розповсюдження і т.п. (Вихідні дані)
Місце публікації, розповсюдження і т.п. (П) К.
Ім’я/ наймення видавництва, розповсюджувача і т.п. (П) КНЕУ
Дата публікації, розповсюдження і т.п. (П) 2007
300 ## - Фізичний опис
Обсяг 392 с.
520 3# - Резюме і т.п.
Резюме, реферат, анотація, тощо (НП) У монографії з застосуванням сучасних методів пізнання соціальної дійсності комплексно досліджується генеза, сутність та особливості теоретичних концепцій соціально-правової держави та світова практика реалізації цього суспільного ідеалу як однієї з н
520 3# - Резюме і т.п.
Резюме, реферат, анотація, тощо (НП) айдосконаліших форм політичної організації громадянського суспільства, визначаються загальні та особливі риси таких держав, здійснюється їх гипологізація. На основі філософсько-правової рефлексії процесів трансформації перехідного українського суспіль
520 3# - Резюме і т.п.
Резюме, реферат, анотація, тощо (НП) ства розглядаються теоретичні та практичні проблеми становлення державності соціального і правового характеру в Україні в контексті світового модернізаційного процесу.Призначена для науковців, викладачів вищих навчальних закладів, політиків, працівн
520 3# - Резюме і т.п.
Резюме, реферат, анотація, тощо (НП) иків сфери державного управління і місцевого самоврядування.
650 #7 - Додаткове предметне введення – тематичний термін
Тематичний термін чи географічна назва, як елемент введення (НП) 340 Право в цілому. Пропедевтика. Методи та допоміжні правничі науки
Джерело заголовка чи терміна UDC
942 ## - Додаткові елементи входу (Коха)
Тип елемента Koha Книги
955 ## - Код типу видання за змістом
Код типу видання за змістом (НП) Навчальні видання
Фонди
Стан вилучень Стан втрат Джерело класифікації або схеми стелажів Стан уражень Не для кредиту Постійне місце розташування Поточне розміщення Дата придбання Джерело придбання Вартість, звичайна ціна покупки Інвентарний номер Усього замовленно Повний номер виклику Штрих-код Дата останнього перегляду Ціна ефективна від Тип елемента Koha
    Universal Decimal Classification     ЧЗ - Читальна зала ЧЗ - Читальна зала 26/03/2010 26/2010 128.00 127103   340.1(477) Ш95 127103 06/02/2022 26/03/2010 Книги